000 01639 a2200253 4500
001 41210
005 20260407155706.0
008 260407a1995 arg spa d
003 AR-UNSa-BCEJYS
040 _aAR-UNSa-BCEJYS
_bspa
_cAR-UNSa-BCEJYS
080 _a347.27
_xHipotecas. Bienes hipotecables. Suelos hipotecables. Bienes raíces como garantía
245 1 0 _aFinanciamiento de la vivienda y de la construcción Ley 24.441
020 _a950-894-022-0
264 1 _aBuenos Aires :
_bAD-HOC
_c1995
300 _a2 v. (548 ; 200 p.)
_c23 cm.
505 _aVol. I: 1. Génesis de la Ley - 2. Fideicomiso: contractual y financiero - 3. El fideicomiso constituido por testamento (art. 3 de la ley 24.441) - 4. Leasing. Mobiliario e inmobiliario - 5. Letras hipotecarias -- Vol. II-A: 1. Garantías mediante debido proceso. La seguridad jurídica - 2. Supresiones de la Ley 24.441 - 3. Hipotecas incluidas en la Ley 24.441 - 4. La mora - 5. Intimación de pago al deudor - 6. Presentación judicial - 7. Acreedor - 8. Subasta - 9. Impugnación - 10. Levantamiento de embargos e inhibiciones - 11. Escritura de protocolización de actuaciones - 12. Defensas - 13. Juicio posterior referido al saldo impago de la obligación - 14. Recupero del inmueble - 15. Artículo 598, Código Procesal - 16. Reforma al artículo 3936
041 _aspa
942 _cBK
590 _aniveau_biblio:m niveau_hierar:0
100 1 _aArmella, Cristina N.
700 1 _aOrelle, José María R.
700 1 _aCausse, Jorge R.
856 4 1 _uhttps://biblioeco.unsa.edu.ar/pmb/images/libros/finanacimineto_vivnda_const.jpg
_yImagen de portada
_qimage/jpeg
999 _c3423
_d3423